[Event "Pamplona Sub zt 2.3 (Women)"]
[Site "Pamplona"]
[Date "2012.11.06"]
[Round "3"]
[White "Salcedo, Diana"]
[Black "Aragon Aviles, Sandra"]
[Result "1-0"]
[WhiteElo "2014"]
[BlackElo "1745"]
[PlyCount "67"]
[EventDate "2012.11.05"]
[EventType "swiss"]
[EventRounds "9"]
[EventCountry "COL"]
[SourceTitle "EXT 2013"]
[Source "ChessBase"]
[SourceDate "2012.11.22"]
[SourceVersion "1"]
[SourceVersionDate "2012.11.22"]
[SourceQuality "1"]

1. c4 e5 2. Nc3 Nc6 3. e3 f5 4. g3 Nf6 5. Bg2 Bb4 6. Nge2 0-0 7. 0-0 Bxc3 8. Nxc3 d6 9. b3 Ne7 10. Bb2 c6 11. e4 f4 12. d4 Ng6 13. Na4 fxg3 14. fxg3 exd4 15. Bxd4 Bg4 16. Qd2 Qe7 17. Qg5 Qe6 18. Rae1 Ne5 19. c5 h6 20. Qe3 Nf7 21. cxd6 Nxd6 22. e5 Nd5 23. Bxd5 Qxd5 24. Nc3 Rxf1+ 25. Rxf1 Qe6 26. exd6 Qxd6 27. Ne4 Qd5 28. Nf2 Be6 29. Rd1 Qf5 30. Qe5 Qg6 31. Nd3 Bg4 32. Nf4 Qf7 33. Re1 Kh7 34. Qe7 1-0

[Event "Bogota op 10"]
[Site "Bogota"]
[Date "2012.10.15"]
[Round "5"]
[White "Lizarazo, Juan Carlos"]
[Black "Aragon Aviles, Sandra"]
[Result "1-0"]
[WhiteElo "2089"]
[BlackElo "1745"]
[PlyCount "55"]
[EventDate "2012.10.11"]
[EventType "swiss"]
[EventRounds "9"]
[EventCountry "COL"]
[SourceTitle "EXT 2013"]
[Source "ChessBase"]
[SourceDate "2012.11.22"]
[SourceVersion "1"]
[SourceVersionDate "2012.11.22"]
[SourceQuality "1"]

1. e4 e5 2. Nf3 Nc6 3. Bb5 a6 4. Bxc6 dxc6 5. Nc3 Bc5 6. d3 Bg4 7. Be3 Bxe3 8. fxe3 Qf6 9. 0-0 Qh6 10. Qd2 f6 11. a4 Ne7 12. a5 g5 13. Na4 Qg7 14. Nc5 Rb8 15. Ra3 0-0 16. Rb3 Bc8 17. Nxa6 Ra8 18. Nxc7 Ra7 19. Qb4 Ng6 20. Qb6 Ra6 21. Nxa6 bxa6 22. Qxc6 g4 23. Nd2 Ne7 24. Qd6 h5 25. Rb6 g3 26. Rxf6 Bh3 27. Rxf8+ Kxf8 28. Qf6+ 1-0

[Event "Pan American-ch"]
[Site "Cartagena"]
[Date "2012.09.08"]
[Round "9"]
[White "Aragon Aviles, Sandra"]
[Black "Martinez, Alejandro"]
[Result "0-1"]
[WhiteElo "1745"]
[BlackElo "1634"]
[PlyCount "44"]
[EventDate "2012.07.04"]
[EventType "swiss"]
[EventRounds "9"]
[EventCountry "COL"]
[SourceTitle "CBM 149 Extra"]
[Source "ChessBase"]
[SourceDate "2012.08.24"]
[SourceVersion "1"]
[SourceVersionDate "2012.08.24"]
[SourceQuality "1"]

1. e4 e6 2. d4 d5 3. e5 c5 4. c3 Nc6 5. Nf3 Qb6 6. a3 Nge7 7. Be2 cxd4 8. cxd4 Nf5 9. b4 Nfxd4 10. Nxd4 Qxd4 11. Qxd4 Nxd4 12. Bb2 Nc2+ 13. Kd2 Nxa1 14. Bxa1 Be7 15. Bd4 Bd7 16. f4 a6 17. Nc3 f6 18. g3 0-0 19. Bg4 fxe5 20. Bxe5 Bf6 21. Nxd5 Bxe5 22. fxe5 Rad8 0-1

[Event "Pan American-ch"]
[Site "Cartagena"]
[Date "2012.07.07"]
[Round "8"]
[White "Oquendo, Eder"]
[Black "Aragon Aviles, Sandra"]
[Result "1/2-1/2"]
[WhiteElo "1689"]
[BlackElo "1745"]
[PlyCount "66"]
[EventDate "2012.07.04"]
[EventType "swiss"]
[EventRounds "9"]
[EventCountry "COL"]
[SourceTitle "CBM 149 Extra"]
[Source "ChessBase"]
[SourceDate "2012.08.24"]
[SourceVersion "1"]
[SourceVersionDate "2012.08.24"]
[SourceQuality "1"]

1. c4 d6 2. g3 e5 3. Bg2 g6 4. d3 Bg7 5. Nf3 Nf6 6. 0-0 0-0 7. Nc3 Nc6 8. Rb1 a5 9. a3 h6 10. b4 axb4 11. axb4 Ng4 12. h3 Nf6 13. b5 Ne7 14. Nd2 Nh7 15. Nb3 f5 16. Bb2 c6 17. e3 Be6 18. f4 Qb6 19. Qe2 exf4 20. gxf4 Ra7 21. Kh2 d5 22. Nd4 Bf7 23. bxc6 bxc6 24. Ba1 Qa6 25. cxd5 Nxd5 26. Nxd5 cxd5 27. Nb5 Qa2 28. Qxa2 Rxa2 29. Bxg7 Kxg7 30. Nd6 Nf6 31. Kg3 Rd2 32. Rfd1 Rxd1 33. Rxd1 Rd8 1/2-1/2

[Event "Pan American-ch"]
[Site "Cartagena"]
[Date "2012.07.04"]
[Round "1"]
[White "Aragon Aviles, Sandra"]
[Black "Villamil, Nahum Jose"]
[Result "0-1"]
[WhiteElo "1745"]
[BlackElo "1846"]
[PlyCount "66"]
[EventDate "2012.07.04"]
[EventType "swiss"]
[EventRounds "9"]
[EventCountry "COL"]
[SourceTitle "CBM 149 Extra"]
[Source "ChessBase"]
[SourceDate "2012.08.24"]
[SourceVersion "1"]
[SourceVersionDate "2012.08.24"]
[SourceQuality "1"]

1. e4 c5 2. Nc3 a6 3. f4 b5 4. Nf3 Bb7 5. d3 e6 6. Be2 Be7 7. 0-0 Nc6 8. Qe1 Qc7 9. Qg3 Nf6 10. e5 Nh5 11. Qh3 g6 12. g4 Ng7 13. Ne4 0-0-0 14. c3 h5 15. g5 c4 16. Be3 Nf5 17. Bf2 d6 18. d4 Nxe5 19. Nxd6+ Bxd6 20. Nxe5 Bxe5 21. fxe5 Qc6 22. Bf3 Qxf3 23. Qxf3 Bxf3 24. h4 Be2 25. Rfe1 Bd3 26. a3 Kb7 27. Kg2 Kc6 28. Kf3 Kd5 29. Kf4 Rd7 30. Kf3 Ra8 31. Kf4 Rda7 32. Kf3 a5 33. Kf4 b4 0-1

[Event "Tolima Region-ch"]
[Site "Tolima"]
[Date "2012.03.04"]
[Round "5.1"]
[White "Diaz, Jaime Walter"]
[Black "Aragon Aviles, Sandra"]
[Result "1-0"]
[WhiteElo "2227"]
[BlackElo "1751"]
[PlyCount "43"]
[EventDate "2012.03.02"]
[EventType "swiss"]
[EventRounds "6"]
[EventCountry "COL"]
[SourceTitle "EXT 2024"]
[Source "ChessBase"]
[SourceDate "2023.10.10"]
[SourceVersion "1"]
[SourceVersionDate "2023.10.10"]
[SourceQuality "1"]

1. e4 e5 2. Nf3 Nc6 3. Bb5 a6 4. Ba4 Nf6 5. 0-0 b5 6. Bb3 Be7 7. Re1 0-0 8. a4 Bb7 9. c3 d6 10. d3 Na5 11. Ba2 c5 12. Bg5 Re8 13. Nbd2 Bf8 14. Bh4 g6 15. Ng5 d5 16. Qf3 c4 17. Nxh7 Kxh7 18. Bxf6 Qd7 19. exd5 Qxd5 20. Qh3+ Bh6 21. Re4 Qxd3 22. Qxh6+ 1-0

[Event "Bucaramanga Juegos Uni (Women)"]
[Site "Bucaramanga"]
[Date "2010.10.24"]
[Round "5.1"]
[White "Aragon Aviles, Sandra"]
[Black "Pulido, Diana Marcela"]
[Result "0-1"]
[WhiteElo "1728"]
[BlackElo "2019"]
[PlyCount "102"]
[EventDate "2010.10.22"]
[EventType "swiss"]
[EventRounds "7"]
[EventCountry "COL"]
[SourceTitle "EXT 2024"]
[Source "ChessBase"]
[SourceDate "2023.10.10"]
[SourceVersion "1"]
[SourceVersionDate "2023.10.10"]
[SourceQuality "1"]

1. e4 e5 2. Nf3 Nc6 3. Bb5 a6 4. Ba4 Nf6 5. 0-0 Bc5 6. Qe2 d6 7. c3 Bg4 8. h3 Bh5 9. d3 h6 10. Rd1 0-0 11. Nbd2 Ne7 12. Nf1 b5 13. Bb3 Ba7 14. d4 exd4 15. cxd4 Nc6 16. Be3 d5 17. e5 Ne4 18. Ng3 Nxg3 19. fxg3 Bg6 20. Bc2 Bxc2 21. Qxc2 Ne7 22. b4 Bb6 23. a3 Qd7 24. Kh2 Rfb8 25. g4 a5 26. Nh4 axb4 27. axb4 Ra4 28. Qc3 Rba8 29. Rdc1 Rxa1 30. Rxa1 Rxa1 31. Qxa1 Qc6 32. Nf5 Nc8 33. g5 Qe6 34. g4 h5 35. Qa8 Kh7 36. Kg3 hxg4 37. hxg4 g6 38. Nh4 Kg7 39. Ng2 c6 40. Nf4 Qd7 41. Qb8 Bc7 42. Qb7 Nb6 43. Kf3 Bd8 44. Qxd7 Nxd7 45. Nd3 Be7 46. Nc5 Bxc5 47. bxc5 Nb8 48. Ke2 Kf8 49. Kd3 Ke7 50. Kc2 Kd7 51. Kb3 Kc7 0-1

[Event "Bucaramanga Juegos Uni (Women)"]
[Site "Bucaramanga"]
[Date "2010.10.22"]
[Round "2.1"]
[White "Aragon Aviles, Sandra"]
[Black "Salcedo, Diana"]
[Result "1/2-1/2"]
[WhiteElo "1728"]
[BlackElo "2005"]
[PlyCount "47"]
[EventDate "2010.10.22"]
[EventType "swiss"]
[EventRounds "7"]
[EventCountry "COL"]
[SourceTitle "EXT 2024"]
[Source "ChessBase"]
[SourceDate "2023.10.10"]
[SourceVersion "1"]
[SourceVersionDate "2023.10.10"]
[SourceQuality "1"]

1. e4 e5 2. Nf3 Nf6 3. Nxe5 d6 4. Nf3 Nxe4 5. d4 d5 6. Bd3 Bg4 7. Nbd2 f5 8. 0-0 Bd6 9. c4 c6 10. Qc2 0-0 11. Ne5 Bh5 12. f3 Nxd2 13. Bxd2 Qf6 14. Rae1 dxc4 15. Qxc4+ Kh8 16. a3 Be8 17. Bc3 Nd7 18. Qb3 Nb6 19. d5 Bxe5 20. Rxe5 Qd6 21. Rxf5 Rxf5 22. Bxf5 Qxd5 23. Qxd5 Nxd5 24. Bd4 1/2-1/2

[Event "Bucaramanga Juegos Uni (Women)"]
[Site "Bucaramanga"]
[Date "2010.10.22"]
[Round "1.1"]
[White "Herrera, Milena"]
[Black "Aragon Aviles, Sandra"]
[Result "1/2-1/2"]
[WhiteElo "2129"]
[BlackElo "1728"]
[PlyCount "73"]
[EventDate "2010.10.22"]
[EventType "swiss"]
[EventRounds "7"]
[EventCountry "COL"]
[SourceTitle "EXT 2024"]
[Source "ChessBase"]
[SourceDate "2023.10.10"]
[SourceVersion "1"]
[SourceVersionDate "2023.10.10"]
[SourceQuality "1"]

1. e4 e5 2. Nc3 Nf6 3. f4 d6 4. Nf3 Nc6 5. Bb5 Bd7 6. 0-0 Be7 7. d3 0-0 8. f5 a6 9. Bc4 Nd4 10. Nxd4 exd4 11. Ne2 c5 12. Nf4 Bc6 13. Qf3 Nd7 14. Nh5 Bf6 15. Qg3 Kh8 16. Bf4 b5 17. Bb3 Ne5 18. Nxf6 gxf6 19. Qh4 a5 20. Bxe5 dxe5 21. Rf3 Rg8 22. Bxf7 Rg7 23. Be6 Qe7 24. Raf1 a4 25. Rh3 Be8 26. Rff3 Bf7 27. Rfg3 Rag8 28. Rxg7 Rxg7 29. Bxf7 Qxf7 30. b3 a3 31. Rg3 Rxg3 32. Qxg3 Qg7 33. Qxg7+ Kxg7 34. g4 Kh6 35. Kg2 Kg5 36. Kg3 h5 37. h4+ 1/2-1/2

[Event "COL-ch U26"]
[Site "Bogota"]
[Date "2009.07.16"]
[Round "1.10"]
[White "Aragon Aviles, Sandra"]
[Black "Zuluaga Torres, Juan Pablo"]
[Result "0-1"]
[WhiteElo "1744"]
[BlackElo "2041"]
[PlyCount "40"]
[EventDate "2009.07.16"]
[EventType "swiss"]
[EventRounds "7"]
[EventCountry "COL"]
[SourceTitle "EXT 2024"]
[Source "ChessBase"]
[SourceDate "2023.10.10"]
[SourceVersion "1"]
[SourceVersionDate "2023.10.10"]
[SourceQuality "1"]

1. e4 e5 2. Nf3 Nf6 3. Nxe5 d6 4. Nf3 Nxe4 5. d4 d5 6. Bd3 Bd6 7. Nbd2 0-0 8. 0-0 Nf6 9. h3 Be6 10. Re1 Re8 11. Ne5 c5 12. c3 cxd4 13. cxd4 Nc6 14. Ndf3 Bb4 15. Re2 h6 16. Bb5 Qb6 17. Qa4 Rec8 18. Nxc6 bxc6 19. Bd3 Bd6 20. Ba6 Re8 0-1

[Event "COL-ch U20 Girls"]
[Site "Bogota"]
[Date "2009.04.05"]
[Round "5.3"]
[White "Aragon Aviles, Sandra"]
[Black "Salcedo, Diana"]
[Result "1/2-1/2"]
[WhiteElo "1705"]
[BlackElo "1961"]
[PlyCount "54"]
[EventDate "2009.04.03"]
[EventType "swiss"]
[EventRounds "7"]
[EventCountry "COL"]
[SourceTitle "EXT 2024"]
[Source "ChessBase"]
[SourceDate "2023.10.10"]
[SourceVersion "1"]
[SourceVersionDate "2023.10.10"]
[SourceQuality "1"]

1. e4 e5 2. Nf3 Nf6 3. Nxe5 d6 4. Nf3 Nxe4 5. d4 d5 6. Bd3 Bg4 7. 0-0 Bd6 8. Nbd2 Nxd2 9. Bxd2 0-0 10. h3 Bh5 11. Re1 c6 12. Be2 Re8 13. Ne5 Bxe2 14. Rxe2 Nd7 15. Nf3 h6 16. c3 Nf6 17. Rxe8+ Qxe8 18. Qe1 Ne4 19. Be3 Qe7 20. Nd2 Re8 21. Nxe4 dxe4 22. Qe2 Bc7 23. Qg4 Qd6 24. g3 Kh8 25. Bf4 Qe7 26. Bxc7 Qxc7 27. Re1 Qd7 1/2-1/2

[Event "COL-ch U20 Girls"]
[Site "Bogota"]
[Date "2009.04.03"]
[Round "3.2"]
[White "Aragon Aviles, Sandra"]
[Black "Orozco, Lina Yomayra"]
[Result "0-1"]
[WhiteElo "1705"]
[BlackElo "2111"]
[PlyCount "56"]
[EventDate "2009.04.03"]
[EventType "swiss"]
[EventRounds "7"]
[EventCountry "COL"]
[SourceTitle "EXT 2024"]
[Source "ChessBase"]
[SourceDate "2023.10.10"]
[SourceVersion "1"]
[SourceVersionDate "2023.10.10"]
[SourceQuality "1"]

1. e4 c5 2. Nc3 Nc6 3. f4 e6 4. Nf3 Nge7 5. Bb5 a6 6. Bxc6 Nxc6 7. d3 b5 8. Ne2 d5 9. 0-0 Be7 10. Ng3 dxe4 11. dxe4 0-0 12. b3 Bb7 13. Bb2 Qxd1 14. Raxd1 Rfd8 15. Kf2 Nb4 16. a3 Nc6 17. Ke3 a5 18. Rd2 Rxd2 19. Nxd2 Rd8 20. c4 Ba6 21. Rc1 e5 22. Nf3 exf4+ 23. Kxf4 Rd3 24. Rc3 Rxc3 25. Bxc3 bxc4 26. bxc4 Bxc4 27. Ne5 Nxe5 28. Kxe5 Bf6+ 0-1

[Event "Bogota Mila Memorial op (Women)"]
[Site "Bogota"]
[Date "2009.04.??"]
[Round "9"]
[White "Aragon Aviles, Sandra"]
[Black "Gomez, Esperanza"]
[Result "1-0"]
[WhiteElo "1744"]
[BlackElo "1854"]
[PlyCount "37"]
[EventDate "2009.04.??"]
[EventType "swiss"]
[EventRounds "9"]
[EventCountry "COL"]
[SourceTitle "EXT 2014"]
[Source "ChessBase"]
[SourceDate "2013.11.20"]
[SourceVersion "1"]
[SourceVersionDate "2013.11.20"]
[SourceQuality "1"]

1. e4 c5 2. Nc3 Nc6 3. f4 e6 4. Nf3 Nge7 5. Bb5 a6 6. Bxc6 Nxc6 7. d3 b5 8. 0-0 Bb7 9. Qe1 Be7 10. Qg3 g6 11. f5 Nb4 12. fxg6 hxg6 13. Ne5 Rh7 14. Qf2 Qc7 15. Bf4 d6 16. Ng4 f5 17. exf5 gxf5 18. Ne3 0-0-0 19. Bg3 1-0